<?xml version="1.0" encoding="UTF-8"?><collection xmlns="info:lc/xmlns/marcxchange-v2"><record format="Unimarc" type="bibliographic"><leader>00669cam  2200217   450 </leader><controlfield tag="001">1876437</controlfield><controlfield tag="003">http://id.bnportugal.gov.pt/bib/porbase/1876437</controlfield><controlfield tag="005">20030605163800.0</controlfield><datafield ind1=" " ind2=" " tag="010"><subfield code="a">0-8039-8375-1</subfield></datafield><datafield ind1=" " ind2=" " tag="035"><subfield code="7">65333</subfield></datafield><datafield ind1=" " ind2=" " tag="095"><subfield code="a">PTBN00552735</subfield></datafield><datafield ind1=" " ind2=" " tag="100"><subfield code="a">19940225d1991    k  y0pory0103    ba</subfield></datafield><datafield ind1="0" ind2=" " tag="101"><subfield code="a">eng</subfield></datafield><datafield ind1=" " ind2=" " tag="102"><subfield code="a">GB</subfield></datafield><datafield ind1="1" ind2=" " tag="200"><subfield code="a">Broadcast talk</subfield><subfield code="f">edited by Paddy Scannell</subfield></datafield><datafield ind1=" " ind2=" " tag="210"><subfield code="a">London</subfield><subfield code="c">Sage Publications</subfield><subfield code="d">1991</subfield></datafield><datafield ind1=" " ind2=" " tag="215"><subfield code="a">VII, 231 p.</subfield><subfield code="d">24 cm</subfield></datafield><datafield ind1="2" ind2=" " tag="225"><subfield code="a">&lt;The &gt;media, culture and society series</subfield></datafield><datafield ind1=" " ind2=" " tag="675"><subfield code="a">659.3</subfield><subfield code="v">BN</subfield><subfield code="z">por</subfield><subfield code="3">292241</subfield></datafield><datafield ind1=" " ind2="1" tag="702"><subfield code="a">Scannell</subfield><subfield code="b">Paddy</subfield><subfield code="4">340</subfield><subfield code="3">1377386</subfield></datafield><datafield ind1=" " ind2="0" tag="801"><subfield code="a">PT</subfield><subfield code="b">BN</subfield><subfield code="g">RPC</subfield></datafield><datafield ind1=" " ind2=" " tag="977"><subfield code="1">CS 5995</subfield><subfield code="2">coop</subfield><subfield code="4">UNLCSH</subfield><subfield code="6">mq3347826</subfield><subfield code="7">bc</subfield><subfield code="8">coop</subfield><subfield code="9">UNLCSH</subfield><subfield code="k">0</subfield></datafield><datafield ind1=" " ind2=" " tag="977"><subfield code="1">659S294b</subfield><subfield code="2">coop</subfield><subfield code="4">UPLE</subfield><subfield code="6">mq1210918</subfield><subfield code="7">bc</subfield><subfield code="8">coop</subfield><subfield code="9">UPLE</subfield><subfield code="a">FG</subfield><subfield code="b">40434</subfield><subfield code="k">0</subfield></datafield></record></collection>